<?xml version="1.0" encoding="UTF-8"?><?xml-stylesheet type="text/xsl" href="static/style.xsl"?><OAI-PMH xmlns="http://www.openarchives.org/OAI/2.0/" xmlns:xsi="http://www.w3.org/2001/XMLSchema-instance" xsi:schemaLocation="http://www.openarchives.org/OAI/2.0/ http://www.openarchives.org/OAI/2.0/OAI-PMH.xsd"><responseDate>2026-04-17T06:37:05Z</responseDate><request verb="GetRecord" identifier="oai:www.recercat.cat:2445/149428" metadataPrefix="marc">https://recercat.cat/oai/request</request><GetRecord><record><header><identifier>oai:recercat.cat:2445/149428</identifier><datestamp>2025-12-05T10:01:52Z</datestamp><setSpec>com_2072_1057</setSpec><setSpec>col_2072_478819</setSpec><setSpec>col_2072_478917</setSpec></header><metadata><record xmlns="http://www.loc.gov/MARC21/slim" xmlns:dcterms="http://purl.org/dc/terms/" xmlns:xsi="http://www.w3.org/2001/XMLSchema-instance" xmlns:doc="http://www.lyncode.com/xoai" xsi:schemaLocation="http://www.loc.gov/MARC21/slim http://www.loc.gov/standards/marcxml/schema/MARC21slim.xsd">
   <leader>00925njm 22002777a 4500</leader>
   <datafield ind2=" " ind1=" " tag="042">
      <subfield code="a">dc</subfield>
   </datafield>
   <datafield ind2=" " ind1=" " tag="720">
      <subfield code="a">Caballero Molina, Juan José</subfield>
      <subfield code="e">author</subfield>
   </datafield>
   <datafield ind2=" " ind1=" " tag="260">
      <subfield code="c">2020-02-06T10:54:25Z</subfield>
   </datafield>
   <datafield ind2=" " ind1=" " tag="260">
      <subfield code="c">2020-02-06T10:54:25Z</subfield>
   </datafield>
   <datafield ind2=" " ind1=" " tag="260">
      <subfield code="c">2013-02-22</subfield>
   </datafield>
   <datafield ind2=" " ind1=" " tag="260">
      <subfield code="c">2020-02-06T10:54:25Z</subfield>
   </datafield>
   <datafield ind2=" " ind1=" " tag="520">
      <subfield code="a">Aquest article s'interessa a assenyalar un seguit de canvis substancials que, en el decurs de les darreres dècades, han incidit sobre algunes de les experiències audiovisuals més innovadores. Es fixa, en concret, en el tipus de comportaments, les aptituds i les competències involucrades en el desenvolupament de l'exercici del diàleg comunicatiu que la societat actual sosté amb aquelles propostes tecnicoexpressives vinculades amb alguns dels nous formats, que s'han anat succeint al llarg de l'accelerat trànsit experimentat a nivell tecnològic, però també sensorial, estètic i receptiu, des del pas del domini analògic al digital, tot passant pel videogràfic. Són abordats, en especial, les característiques i els protocols d'ús actual que delimiten i modulen tant l'accés com les rutines de consum audiovisual d'uns individus conformats com a usuaris d'un entorn mediàtic que ens modela a la vegada que s'esforça a adaptar-se a les condicions, circumstàncies i pràctiques socioculturals en què som inscrits.</subfield>
   </datafield>
   <datafield tag="653" ind2=" " ind1=" ">
      <subfield code="a">Videoart</subfield>
   </datafield>
   <datafield tag="653" ind2=" " ind1=" ">
      <subfield code="a">Internet</subfield>
   </datafield>
   <datafield tag="653" ind2=" " ind1=" ">
      <subfield code="a">Públic</subfield>
   </datafield>
   <datafield tag="653" ind2=" " ind1=" ">
      <subfield code="a">Video art</subfield>
   </datafield>
   <datafield tag="653" ind2=" " ind1=" ">
      <subfield code="a">Internet</subfield>
   </datafield>
   <datafield tag="653" ind2=" " ind1=" ">
      <subfield code="a">Audiences</subfield>
   </datafield>
   <datafield ind2="0" ind1="0" tag="245">
      <subfield code="a">Mén enllà de l'Espectador: Itineraris pel paisatge d'experiències i pràctiques de consum associat alsnous paisatges audiovisuals</subfield>
   </datafield>
</record></metadata></record></GetRecord></OAI-PMH>